000 00736nam a22002297a 4500
005 20170124105921.0
010 _aA-408274
020 _c06.00
035 _aA-408274
037 _bCen Lib/Ret
040 _aDPL
_bEN
082 _a320.9
_bDUN
100 _aDunning,William Archibald
_94461
245 _aA history of political theories :
_cby William Archibald Dunning
_bfrom Luther to Montesquieu /
260 _aUttar Pardesh
_bCentral Book Depot
_c1966
270 _bAllahabad
300 _a459p.
_c22cm(Hb)
500 _aIncludes bibliographical reference and index
650 _aPolitical Theories-Ancient Period
_94462
650 _aPhilosophy-Political Theories
_94463
942 _2ddc
_cEN
_h320.9
_mDUN
999 _c123157
_d123157